| 000 | 01046nam a2200253 a 4500 | ||
|---|---|---|---|
| 001 | BRCA_5466 | ||
| 005 | 20190320205106.0 | ||
| 008 | 271210s1968----enka######---#000-0#eng-# | ||
| 041 | _aeng | ||
| 044 | _aenk | ||
| 050 | 4 |
_aNK7114 _b.B75 1968 |
|
| 245 | 1 | 0 |
_aBritish and Irish Silver Assay Office Marks 1544-1968 _bwith notes on Gold Markings, and Marks on Foreign Imported Silver and Gold Plate : Old Sheffield Plate Makers´ Marks 1743-1860 _ccompiled by Frederick Bradbury. |
| 250 | _a12 | ||
| 260 |
_aInglaterra _bJ. W. Northend _c1968 |
||
| 300 |
_a92 p. _bil. _c15 cm. |
||
| 500 | _aTitulo en cubierta: Guide to Marks of Origin on British and Irish Silver Plate from Mid 16th Century to the Year 1968 and Old Sheffield Plate Markers´ Marks 1743-1860 | ||
| 500 | _aEstado físico: encuadernado, marzo 2015 | ||
| 500 | _aDonación Dr. Héctor Rivero Borrell Vázquez | ||
| 650 | 1 | 4 |
_aTrabajo en plata _913966 |
| 650 | 1 | 4 |
_aPlata _xMarcas _ySiglo XVI-XX _913967 |
| 700 | 1 |
_aBradbury, Frederick _913968 |
|
| 902 | _aDHR | ||
| 942 |
_2lcc _cB |
||
| 999 |
_c5160 _d5160 |
||